[Event "GER-chT North U14"]
[Site "Magdeburg"]
[Date "2012.09.06"]
[Round "1.3"]
[White "Hartge, Gedeon"]
[Black "Lenz, Finn Thore"]
[Result "1/2-1/2"]
[WhiteElo "1624"]
[BlackElo "1164"]
[PlyCount "97"]
[EventDate "2012.09.06"]
[EventType "team-swiss"]
[EventRounds "7"]
[EventCountry "GER"]
[SourceTitle "EXT 2015"]
[Source "ChessBase"]
[SourceDate "2014.11.20"]
[SourceVersion "1"]
[SourceVersionDate "2014.11.20"]
[SourceQuality "1"]
[WhiteTeam "Halle USV"]
[BlackTeam "Hamburg Koenigsspringer"]
[WhiteTeamCountry "GER"]
[BlackTeamCountry "GER"]

1. d4 Nf6 2. Nf3 e6 3. c4 Nc6 4. a3 Ne7 5. Nc3 Ng6 6. e4 d6 7. Bd3 e5 8. d5 b6 9. b4 Be7 10. Bd2 0-0 11. Ne2 Bd7 12. Ng3 Bg4 13. 0-0 Nh5 14. Nxh5 Bxh5 15. Be2 f5 16. exf5 Rxf5 17. Be3 Nf4 18. Bxf4 Rxf4 19. Nd2 Bxe2 20. Qxe2 Rc8 21. g3 Rf7 22. Qe4 Qd7 23. f4 exf4 24. Rxf4 Bg5 25. Rxf7 Qxf7 26. Rf1 Qd7 27. Nf3 Re8 28. Qc2 Bf6 29. Re1 Rxe1+ 30. Nxe1 Qe7 31. Kf1 Bd4 32. Qe2 Qf6+ 33. Kg2 Qf5 34. Qe8+ Qf8 35. Qxf8+ Kxf8 36. Nd3 Ke7 37. Kf3 Be5 38. Nxe5 dxe5 39. c5 g6 40. Ke4 Kf6 41. h3 h6 42. d6 cxd6 43. cxd6 Ke6 44. d7 Kxd7 45. Kxe5 Ke7 46. a4 a6 47. Kd5 Kd7 48. Ke5 Ke7 49. Kd5 1/2-1/2

[Event "GER-chT North U14"]
[Site "Magdeburg"]
[Date "2012.09.06"]
[Round "2.3"]
[White "Lenz, Finn Thore"]
[Black "Koch, Elisabeth"]
[Result "0-1"]
[WhiteElo "1164"]
[BlackElo "1606"]
[PlyCount "82"]
[EventDate "2012.09.06"]
[EventType "team-swiss"]
[EventRounds "7"]
[EventCountry "GER"]
[SourceTitle "EXT 2015"]
[Source "ChessBase"]
[SourceDate "2014.11.20"]
[SourceVersion "1"]
[SourceVersionDate "2014.11.20"]
[SourceQuality "1"]
[WhiteTeam "Hamburg Koenigsspringer"]
[BlackTeam "Weissensee Chemie"]
[WhiteTeamCountry "GER"]
[BlackTeamCountry "GER"]

1. e4 e5 2. d4 exd4 3. Qxd4 Nc6 4. Qe3 Nf6 5. Nc3 Bb4 6. Bd2 0-0 7. 0-0-0 d6 8. Be2 Qe7 9. Bd3 Re8 10. f3 Ne5 11. Re1 a6 12. g4 b5 13. h4 c5 14. g5 Nfd7 15. Nd5 Bxd2+ 16. Qxd2 Qd8 17. Re3 Nb6 18. Nxb6 Qxb6 19. f4 Nxd3+ 20. Rxd3 Rxe4 21. Rxd6 Re1+ 22. Qxe1 Qxd6 23. Qe8+ Qf8 24. Qc6 Be6 25. Nf3 Qc8 26. Qd6 Qe8 27. Qd2 Qd8 28. Qe3 Qd5 29. b3 Rd8 30. h5 c4 31. Qc3 Qc5 32. h6 Qa3+ 33. Kb1 Qf8 34. Kb2 Rc8 35. Qd4 c3+ 36. Kc1 Qa3+ 37. Kd1 Qf8 38. Kc1 a5 39. Re1 Rc6 40. Re5 Qa3+ 41. Kd1 Rd6 0-1